书目信息 |
| 题名: |
中国经济安全报告
|
|
| 作者: | 孙通强 主编 | |
| 分册: | ||
| 出版信息: | 北京 中国经济出版社 2000.03 |
|
| 页数: | 280页 | |
| 开本: | 32开 | |
| 丛书名: | ||
| 单 册: | ||
| 中图分类: | X915.4 | |
| 科图分类: | ||
| 主题词: | 劳动? | |
| 电子资源: | ||
| ISBN: | 7-5017-4381-9 | |
| 000 | 00558nam0 2200193 45 | |
| 001 | 0010091793 | |
| 005 | 20001009171731.1 | |
| 010 | @a7-5017-4381-9@d18.00元 | |
| 100 | @a20001009d2000 km y0chiy0120 ea | |
| 101 | 0 | @achi |
| 105 | @a z 000yy | |
| 200 | 1 | @a中国经济安全报告@AZhong Guo Jing Ji An Quan Bao Gao@f孙通强主编@FSun Tong Qiang Zhu Bian |
| 210 | @a北京@c中国经济出版社@d2000.03 | |
| 215 | @a280页@d32开 | |
| 606 | 0 | @a劳动? |
| 690 | @aX915.4@v3 | |
| 701 | 0 | @a孙通强@4主编 |
| 801 | @aCN@bPftUser@c20001009 | |
| 905 | @b173399-403@dX915.4@eS692@f5 | |
| 中国经济安全报告/孙通强主编.-北京:中国经济出版社,2000.03 |
| 280页;32开 |
| ISBN 7-5017-4381-9:18.00元 |
| ● |
| 相关链接 |
|
|
|
正题名:中国经济安全报告
索取号:X915.4/S692
 
预约/预借
| 序号 | 登录号 | 条形码 | 馆藏地/架位号 | 状态 | 备注 |
| 1 | 173399 | 201733990 | 自科库501/401自科库 17排2列5层/ [索取号:X915.4/S692] | 在馆 | |
| 2 | 173400 | 201734007 | 自科二线400A/400A自科库 30排3列1层/ [索取号:X915.4/S692] | 在馆 | |
| 3 | 173401 | 201734016 | 自科库501/501自科库 119排1列4层/ [索取号:X915.4/S692] | 在馆 | |
| 4 | 173402 | 201734025 | 自科二线400A/400A自科库 30排3列1层/ [索取号:X915.4/S692] | 在馆 | |
| 5 | 173403 | 201734034 | 自科二线400A/400A自科库 30排3列1层/ [索取号:X915.4/S692] | 在馆 |